000 02068cam a2200409 a 4500
999 _c26368
_d26368
001 1669416
005 20170204094221.0
008 980309s1998 gw a bc 000 0 eng
010 _a 98011584
020 _a3791319299 (cloth : acidfree paper)
020 _a0916724972 (pbk. not available to the trade)
041 1 _aeng
_hger
043 _ae-gx---
050 0 0 _aNC249 .S4813 1998
100 1 _aSieveking, Hinrich.
240 1 0 _aVon Füssli bis Menzel.
_lEnglish
245 1 0 _aFuseli to Menzel :
_bdrawings and watercolors in the age of Goethe from a German private collection /
_cHinrich Sieveking ; [translated from the German by Thomas Dunlap (essays and catalogue entries) and John Gabriel (biographies)].
260 _aMunich ;
_aNew York :
_bPrestel,
_c1998.
300 _a232 p. :
_bill. (some col.) ;
_c31 cm.
500 _aExhibition held at Busch-Reisinger Museum, Cambridge, from Apr. 4 to June 7, 1998, the Frick Collection, New York, June 23 to Aug. 30, 1998, and the J. Paul Getty Museum, Los Angeles from Sept. 15 to Nov. 29, 1998.
500 _a"In cooperation with the Busch-Reisinger Museum, Harvard University Art Museums, Cambridge, Massachusetts".
504 _aIncludes bibliographical references and index.
600 1 0 _aWinterstein, Alfred,
_d1895-1976
_xArt collections
_vExhibitions.
650 0 _aDrawing, German
_y18th century
_vExhibitions.
650 0 _aDrawing, German
_y19th century
_vExhibitions.
650 0 _aDrawing
_xPrivate collections
_zGermany
_zMunich
_vExhibitions.
710 2 _aBusch-Reisinger Museum.
710 2 _aFrick Collection.
710 2 _aJ. Paul Getty Museum.
942 _2lcc
_cBOOKS